When a friend dies : (Record no. 164)
[ view plain ]
| 000 -LEADER | |
|---|---|
| fixed length control field | 01054pam a2200289 a 4500 |
| 001 - CONTROL NUMBER | |
| control field | 4889551 |
| 003 - CONTROL NUMBER IDENTIFIER | |
| control field | OSt |
| 005 - DATE AND TIME OF LATEST TRANSACTION | |
| control field | 20140310181622.0 |
| 008 - FIXED-LENGTH DATA ELEMENTS--GENERAL INFORMATION | |
| fixed length control field | 930927s1994 mnu j 000 0 eng |
| 020 ## - INTERNATIONAL STANDARD BOOK NUMBER | |
| International Standard Book Number | 0915793660 |
| Terms of availability | $7.95 |
| 050 00 - LIBRARY OF CONGRESS CALL NUMBER | |
| Classification number | BF 724.3.G73 |
| Item number | .G66 1994 |
| 082 00 - DEWEY DECIMAL CLASSIFICATION NUMBER | |
| Classification number | HS 155.937 |
| Item number | G73G66 1994 |
| 100 1# - MAIN ENTRY--PERSONAL NAME | |
| Personal name | Gootman, Marilyn E., |
| Dates associated with a name | 1944- |
| 9 (RLIN) | 9837 |
| 245 10 - TITLE STATEMENT | |
| Title | When a friend dies : |
| Remainder of title | a book for teens about grieving & healing / |
| Statement of responsibility, etc | Marilyn E. Gootman ; edited by Pamela Espeland. |
| 260 ## - PUBLICATION, DISTRIBUTION, ETC. (IMPRINT) | |
| Place of publication, distribution, etc | Minneapolis : |
| Name of publisher, distributor, etc | Free Spirit, |
| Date of publication, distribution, etc | c1994. |
| 300 ## - PHYSICAL DESCRIPTION | |
| Extent | ix, 107 p. ; |
| Dimensions | 18 cm. |
| 541 ## - IMMEDIATE SOURCE OF ACQUISITION NOTE | |
| -- | 1 |
| 650 #0 - SUBJECT ADDED ENTRY--TOPICAL TERM | |
| Topical term or geographic name as entry element | Grief in adolescence |
| Form subdivision | Juvenile literature. |
| 9 (RLIN) | 9838 |
| 650 #0 - SUBJECT ADDED ENTRY--TOPICAL TERM | |
| Topical term or geographic name as entry element | Bereavement in children |
| Form subdivision | Juvenile literature. |
| 9 (RLIN) | 9839 |
| 650 #0 - SUBJECT ADDED ENTRY--TOPICAL TERM | |
| Topical term or geographic name as entry element | Bereavement in adolescence |
| Form subdivision | Juvenile literature. |
| 9 (RLIN) | 9840 |
| 650 #0 - SUBJECT ADDED ENTRY--TOPICAL TERM | |
| Topical term or geographic name as entry element | Grief in children |
| Form subdivision | Juvenile literature. |
| 9 (RLIN) | 9841 |
| 650 #0 - SUBJECT ADDED ENTRY--TOPICAL TERM | |
| Topical term or geographic name as entry element | Teenagers and death |
| Form subdivision | Juvenile literature. |
| 9 (RLIN) | 9842 |
| 650 #0 - SUBJECT ADDED ENTRY--TOPICAL TERM | |
| Topical term or geographic name as entry element | Children and death |
| Form subdivision | Juvenile literature. |
| 9 (RLIN) | 9843 |
| 650 #1 - SUBJECT ADDED ENTRY--TOPICAL TERM | |
| Topical term or geographic name as entry element | Death. |
| 9 (RLIN) | 9844 |
| 650 #1 - SUBJECT ADDED ENTRY--TOPICAL TERM | |
| Topical term or geographic name as entry element | Grief. |
| 9 (RLIN) | 9845 |
| 942 ## - ADDED ENTRY ELEMENTS (KOHA) | |
| Source of classification or shelving scheme | Library of Congress Classification |
| Koha item type | |
| Withdrawn status | Lost status | Source of classification or shelving scheme | Damaged status | Home library | Current library | Shelving location | Date acquired | Total Checkouts | Full call number | Barcode | Date last seen | Copy number | Price effective from | Koha item type |
|---|---|---|---|---|---|---|---|---|---|---|---|---|---|---|
| Library of Congress Classification | Luxembourg Library | Luxembourg Library | High School Section | 08/13/2013 | BF 724.3.G73 .G66 1994 | 7295 | 01/14/2016 | 1 | 10/03/2013 | Books |